[Event "IECG QN.2001.0.00195"]
[Site "IECG email"]
[Date "2001.10.06"]
[Round "?"]
[White "Jenneborg, Seved"]
[Black "Pozzi, Igor"]
[Result "1-0"]
[WhiteElo "961"]
[BlackElo "800"]
[PlyCount "79"]
[EventDate "2001.10.06"]
[EventType "tourn (corr)"]
[EventRounds "6"]
[SourceTitle "Corr 2008"]
[Source "ChessBase"]
[SourceDate "2008.06.24"]
[SourceVersion "1"]
[SourceVersionDate "2008.06.24"]
[SourceQuality "1"]

1. d4 Nf6 2. c4 e6 3. Nf3 b6 4. g3 Bb7 5. Bg2 Be7 6. 0-0 0-0 7. Nc3 Ne4 8. Bd2 f5 9. Nxe4 fxe4 10. Ne5 d6 11. Nd3 Qd7 12. Nf4 g5 13. Nh3 g4 14. Nf4 Bf6 15. Bc3 a5 16. e3 e5 17. Nd5 Bxd5 18. cxd5 Na6 19. Bxe4 exd4 20. exd4 Rae8 21. Qd3 Nb4 22. Bf5 Nxd3 23. Bxd7 Re7 24. Be6+ Kh8 25. Rfd1 Nb4 26. a3 Nc6 27. Bxg4 Na7 28. a4 c6 29. Be6 Rfe8 30. f4 Kg7 31. Kf1 Kf8 32. Rac1 b5 33. b3 b4 34. Bd2 Rc7 35. f5 Ke7 36. dxc6 Rxc6 37. d5 Rxc1 38. Rxc1 Bc3 39. Bg5+ Kf8 40. f6 1-0

[Event "IECG QN.2001.0.00195"]
[Site "IECG email"]
[Date "2001.10.06"]
[Round "?"]
[White "Pozzi, Igor"]
[Black "Venturas, Bob"]
[Result "1-0"]
[WhiteElo "800"]
[BlackElo "531"]
[PlyCount "21"]
[EventDate "2001.10.06"]
[EventType "tourn (corr)"]
[EventRounds "6"]
[SourceTitle "Corr 2008"]
[Source "ChessBase"]
[SourceDate "2008.06.24"]
[SourceVersion "1"]
[SourceVersionDate "2008.06.24"]
[SourceQuality "1"]

1. d4 d5 2. c4 dxc4 3. Nf3 Bg4 4. e3 Nf6 5. Bxc4 e6 6. Qb3 Bxf3 7. gxf3 Qc8 8. Nc3 Be7 9. d5 exd5 10. Nxd5 0-0 11. Nxe7+ 1-0

[Event "IECG QN.2001.0.00195"]
[Site "IECG email"]
[Date "2001.10.06"]
[Round "?"]
[White "Venturas, Bob"]
[Black "Pozzi, Igor"]
[Result "0-1"]
[WhiteElo "531"]
[BlackElo "800"]
[PlyCount "96"]
[EventDate "2001.10.06"]
[EventType "tourn (corr)"]
[EventRounds "6"]
[SourceTitle "Corr 2008"]
[Source "ChessBase"]
[SourceDate "2008.06.24"]
[SourceVersion "1"]
[SourceVersionDate "2008.06.24"]
[SourceQuality "1"]

1. e4 e5 2. Nf3 Nc6 3. Bb5 a6 4. Bxc6 dxc6 5. a3 Nf6 6. Qe2 Be6 7. Nxe5 Qd4 8. Nf3 Qxe4 9. Qxe4 Nxe4 10. d3 Nd6 11. Nc3 Be7 12. 0-0 0-0 13. Be3 Rfe8 14. Rfe1 Bg4 15. Ne5 Be6 16. Na4 Bf6 17. d4 Bf5 18. c3 Bxe5 19. dxe5 Rxe5 20. Nc5 b6 21. Nb3 c5 22. Bf4 Ree8 23. Nd2 Bd3 24. Bxd6 cxd6 25. Re3 Rxe3 26. fxe3 d5 27. Re1 Re8 28. h4 f5 29. Kf2 Re6 30. Nf3 Bc4 31. Nd2 Bd3 32. Rd1 Re8 33. Nf3 Bc4 34. Re1 Kf7 35. Ng5+ Kg6 36. Kf3 h6 37. Nh3 Kf6 38. g4 fxg4+ 39. Kxg4 d4 40. cxd4 cxd4 41. e4 d3 42. Nf2 d2 43. Rd1 Be2+ 44. Kf4 Bxd1 45. Nxd1 g5+ 46. hxg5+ hxg5+ 47. Ke3 Rd8 48. b4 Ke5 0-1